[Event "Belgrade Gligoric 100 Ann op"]
[Site "Belgrade"]
[Date "2023.02.05"]
[Round "10"]
[White "Pavlovic, Milos"]
[Black "Lukovic, Vladimir"]
[Result "1-0"]
[WhiteElo "2418"]
[BlackElo "2427"]
[PlyCount "67"]
[EventDate "2023.02.05"]
[EventType "swiss (blitz)"]
[EventRounds "11"]
[EventCountry "SRB"]
[SourceTitle "EXT 2024"]
[Source "ChessBase"]
[SourceDate "2023.10.10"]
[SourceVersion "1"]
[SourceVersionDate "2023.10.10"]
[SourceQuality "1"]

1. d4 d5 2. Nf3 Nf6 3. e3 g6 4. c4 c6 5. Nc3 Bg7 6. cxd5 cxd5 7. Bb5+ Bd7 8. Qb3 Bxb5 9. Qxb5+ Qd7 10. Ne5 Qxb5 11. Nxb5 Na6 12. b3 Ne4 13. Nd3 Kd7 14. a4 Rhc8 15. f3 Nd6 16. Nxd6 Kxd6 17. Ba3+ Kd7 18. Kd2 e6 19. g4 b6 20. h4 Nb8 21. h5 Nc6 22. hxg6 hxg6 23. Rh7 Rg8 24. g5 Rac8 25. Rc1 Na5 26. Rxc8 Kxc8 27. Be7 Nc6 28. Bf6 Bxf6 29. gxf6 Rf8 30. b4 a6 31. b5 axb5 32. axb5 Na7 33. Ne5 Nxb5 34. Rxf7 1-0

[Event "Belgrade Gligoric 100 Ann op"]
[Site "Belgrade"]
[Date "2023.02.05"]
[Round "3"]
[White "Tadic, Stefan"]
[Black "Lukovic, Vladimir"]
[Result "1/2-1/2"]
[WhiteElo "2347"]
[BlackElo "2427"]
[PlyCount "57"]
[EventDate "2023.02.05"]
[EventType "swiss (blitz)"]
[EventRounds "11"]
[EventCountry "SRB"]
[SourceTitle "EXT 2024"]
[Source "ChessBase"]
[SourceDate "2023.10.10"]
[SourceVersion "1"]
[SourceVersionDate "2023.10.10"]
[SourceQuality "1"]

1. d4 d5 2. Nf3 Nf6 3. Bf4 c5 4. e3 Nc6 5. Nbd2 Qb6 6. dxc5 Qxc5 7. c4 d4 8. exd4 Nxd4 9. Nb3 Nxb3 10. Qxb3 e6 11. Be2 Qb4+ 12. Qxb4 Bxb4+ 13. Bd2 Bxd2+ 14. Kxd2 Bd7 15. Ne5 Ke7 16. Bf3 Rab8 17. Rhd1 Rhc8 18. Rac1 a5 19. c5 Be8 20. Ke3 Nd7 21. Nd3 f6 22. Rc3 Bg6 23. Rdc1 Bxd3 24. Kxd3 Rc7 25. Ke3 Rbc8 26. c6 bxc6 27. Rxc6 Rxc6 28. Rxc6 Rxc6 29. Bxc6 1/2-1/2